| 000 | 00345 a2200109 4500 | ||
|---|---|---|---|
| 001 | ART_19097 | ||
| 005 | 20260410161921.0 | ||
| 008 | 260409a | ||
| 245 | 1 | 0 | _aEl IVA y la correción de la incidencia de la inflación |
| 100 | 1 | _aChalupowicz, Israel | |
| 773 | 0 |
_tLa información _g- Tomo XXXIX, Nº 591 (mar. 1979) _wREV14902 |
|
| 999 |
_c27682 _d27682 |
||